000 01053nam a22003377a 4500
001 0150
003 DO-SdBPM
005 20260420132312.0
007 ta
008 151005b2011 dr 00| 0 spa d
020 _a9789945465044
040 _aDO-SdBPM
_bspa
_cBPMSU
_erda
082 4 _aRD863.3
_bP418c, 2011
_222
100 1 _aPenson, César Nicolás
_d1855-1901
_eautor
_4aut.
245 1 0 _aCosas añejas /
_cCésar Nicolás Penson
250 _a2a. ed.
260 0 _aSanto Domingo :
_bPublicaciones América,
_c1971.
300 _a135 p. :
_c23 cm.
336 _atexto
_btxt
_2rdacontent
337 _asin mediación
_bn
_2rdamedia
338 _avolumen
_bnc
_2rdacarrier
490 0 _aBreviarios Dominicanos
590 _aInventariado, 2026/VM
650 7 _aCunetos dominicanos
650 7 _aLiteratura dominicana
830 0 _a
910 _aValidado. Control de calidad BPMSU CD
942 _2ddc
_cBK
945 _aIvnentariado / 2017 VM
956 _aYngrid Lockward
999 _c15784
_d15784